000 00634nam a2200241Ia 4500
003 OSt
005 20220918204040.0
006 a|||||r|||| 00| 0
007 ta
008 220917b |||||||| |||| 00| 0 eng d
024 _a110,809
037 _cTextual
040 _aARTS
_cARTS
_beng
041 _2eng
_aeng
082 _aV53.K-J, N4
100 _aCollins J B
_9110541
245 0 _aClasses estates, and order in early modern Brittany
260 _aCambridge
_bC U P
_c1994
300 _axiii, 312p.
_ccm.
650 _aHISTORY
942 _hV53.K-J, N4
_cTEXL
_2CC
999 _c234159
_d234159